000 00379 a2200169 4500
001 187664
020 _a978-85-7164-540-0
040 _cMagnum
100 _aGaarder, Jostein
240 1 0 _aO dia do Curinga
_lpor
245 1 0 _aO dia do Curinga
300 _a378
362 0 _a2007
440 1 _aCompanhia das Letras
697 _aLITERATURA GERAL ESTRANGEIRA
942 _cBK
999 _c187664
_d187664